000 00468 a2200145 4500
020 _a1842651994
040 _aDLC
_bDLC
100 1 _aNarasimhan, S. V.
245 1 0 _aSignal processing: principles and implementation
_bprinciples and implementation
_cS.V. Narasimhan & S. Veena.
260 _aNew Delhi :
_bNarosa Publishing House,
_cc2005.
300 _a576 p. :
_bill. ;
_c25 cm.
650 0 _aSignal processing.
700 1 _aVeena, S.
942 _cBK
_k621.3822 NAR
_2ddc
999 _c8823
_d8823